Přímé řízení výroby
Uložené v:
| Hlavný autor: | |
|---|---|
| Ďalší autori: | |
| Médium: | Kniha |
| Jazyk: | Czech |
| Vydavateľské údaje: |
Praha
Státní nakladatelství technické literatury
1983
|
| Predmet: | |
| Tagy: |
Žiadne tagy, Buďte prvý, kto otaguje tento záznam!
|
MARC
| LEADER | 00000nam a2200000 4500 | ||
|---|---|---|---|
| 001 | c118994 | ||
| 005 | 20041019155213.0 | ||
| 041 | 0 | |a cze | |
| 044 | |a CZ | ||
| 245 | 1 | 0 | |a Přímé řízení výroby |c Štěpán Pařenica, Rostislav Tesař |
| 264 | 1 | |a Praha |b Státní nakladatelství technické literatury |c 1983 | |
| 300 | |a 137 s. |e tab. príl. | ||
| 610 | 2 | 0 | |a výroba |
| 610 | 2 | 0 | |a riadenie |
| 100 | 1 | |a Pařenica, Štěpán | |
| 700 | 1 | |a Tesař, Rostislav | |